00272nam a2200121Ia 4500008004100000082001600041100002300057245002200080250000800102260002400110300000800134650000800142191201s2009 xx 000 0 und d a658.87bSOC aSOLOMON, Michael R 0aConsumer Behavior a8th aN. delhibPHIc2009 a694 aBBA